| 000 | 00659nam a2200205 a 4500 | ||
|---|---|---|---|
| 001 | 000012008 | ||
| 005 | 20240412074229.0 | ||
| 008 | 091103s1977 dr r 000 p spa d | ||
| 040 |
_aDO-SdBNP _bspa _cBNPHU |
||
| 082 |
_aRD861.44 _bR763s, 1977 |
||
| 100 | 1 |
_aRomero Pumarol, Teófilo Ramón _928214 |
|
| 245 | 1 | 0 |
_aSerenata criolla en versos dominicanos / _cTeófilo Ramón Romero Pumarol. |
| 250 | _a[4. ed.], | ||
| 260 |
_a[Santo Domingo] : _b[s. n.], _c1977. |
||
| 300 |
_a108 p. ; _c20 cm. |
||
| 590 | _aInventariado, 2018/BT | ||
| 650 | 0 |
_aPoesía dominicana _966 |
|
| 650 | 0 |
_aLiteratura dominicana. _967 |
|
| 910 | _aValidado. Control de calidad. MFF | ||
| 999 |
_c11676 _d11676 |
||